November 2010 : ubuntu 10.10, ISO images of kubuntu 10.10 lu (Record no. 139627)

000 -LEADER
fixed length control field 00287nmm a2200097Ia 4500
008 - FIXED-LENGTH DATA ELEMENTS--GENERAL INFORMATION
fixed length control field 220120s9999||||xx |||||||||||||||||und||
020 ## - INTERNATIONAL STANDARD BOOK NUMBER
International Standard Book Number 81-203-2797-7
100 ## - MAIN ENTRY--PERSONAL NAME
Personal name LFY
9 (RLIN) 10674
245 #0 - TITLE STATEMENT
Title November 2010 : ubuntu 10.10, ISO images of kubuntu 10.10 lu
260 ## - PUBLICATION, DISTRIBUTION, ETC.
Place of publication, distribution, etc. EFY enterprises
Name of publisher, distributor, etc. New Delhi
Holdings
Withdrawn status Lost status Damaged status Not for loan Home library Current library Date acquired Barcode Date last seen Price effective from Koha item type
        Central Library Central Library 01/20/2022 CD1178 01/20/2022 01/20/2022 Compact Disc

Powered by Koha